| 000 | 00405nam a2200145 a 4500 | ||
|---|---|---|---|
| 001 | 000036626 | ||
| 005 | 20200930075833.0 | ||
| 008 | 120123s1958 br 000 0 spa d | ||
| 040 |
_aDO-SdBNP _bspa _cBNPHU |
||
| 100 | 1 |
_aAlencar, José de _962926 |
|
| 245 | 1 | 0 |
_aO guarani : _bromance brasileiro /. |
| 250 | _a18a ed. | ||
| 260 |
_a[Brasil] : _bMelhoramentos Edições, _c1958. |
||
| 300 |
_a327 p. ; _c20 cm. |
||
| 999 |
_c36117 _d36117 |
||